MARC details
| 000 -LEADER |
| campo de control de longitud fija |
03441nam a2200421 i 4500 |
| 001 - NÚMERO DE CONTROL |
| campo de control |
193297 |
| 003 - IDENTIFICADOR DE NÚMERO DE CONTROL |
| campo de control |
SpMaBN |
| 005 - FECHA Y HORA DE LA ÚLTIMA TRANSACCIÓN |
| campo de control |
20250712063137.0 |
| 007 - CAMPO FIJO DE DESCRIPCIÓN FÍSICA--INFORMACIÓN GENERAL |
| campo de control de longitud fija |
ta |
| 008 - DATOS DE LONGITUD FIJA--INFORMACIÓN GENERAL |
| campo de control de longitud fija |
231004s2023 sp | |||| 000 0 spa |
| 017 ## - NÚMERO DE COPYRIGHT O DE DEPÓSITO LEGAL |
| Número de copyright o de depósito legal |
AL 1675-2023 |
| Agencia que asigna |
Oficina Depósito Legal Almería |
| 020 ## - NÚMERO INTERNACIONAL ESTÁNDAR DEL LIBRO |
| Número Internacional Estándar del Libro |
9788412725780 |
| 035 ## - NÚMERO DE CONTROL DEL SISTEMA |
| Número de control de sistema |
a7362132 |
| 040 ## - FUENTE DE CATALOGACIÓN |
| Centro catalogador/agencia de origen |
SpMaBN |
| Lengua de catalogación |
spa |
| Centro/agencia transcriptor |
SpMaBN |
| Normas de descripción |
rda |
| 080 ## - NÚMERO DE LA CLASIFICACIÓN DECIMAL UNIVERSAL |
| Identificador de la edición |
821.112.2-31"19" |
| 100 1# - ENTRADA PRINCIPAL--NOMBRE DE PERSONA |
| Nombre de persona |
Weiss, Ernst, |
| Relación |
aut |
| 9 (RLIN) |
234400 |
| Fechas asociadas al nombre |
1882-1940 |
| Término indicativo de función/relación |
Autor |
| 245 13 - MENCIÓN DEL TÍTULO |
| Título |
El médico de la prisión / |
| Mención de responsabilidad, etc. |
Ernst Weiss ; traducción del alemán a cargo de Carlos Fortea |
| 250 ## - MENCION DE EDICION |
| Mención de edición |
Primera edición en Ginger Ape Books&Films: junio de 2023 |
| 260 ## - PUBLICACIÓN, DISTRIBUCIÓN, ETC. |
| Lugar de publicación, distribución, etc. |
[Málaga] : |
| Nombre del editor, distribuidor, etc. |
Ginger Ape Books&Films; |
| Fecha de publicación, distribución, etc. |
2023 |
| 300 ## - DESCRIPCIÓN FÍSICA |
| Extensión |
499 páginas, [4] páginas ; |
| Dimensiones |
21 cm |
| 336 ## - TIPO DE CONTENIDO |
| Término de tipo de contenido |
Texto |
| Fuente |
rdacontent |
| 337 ## - TIPO DE MEDIO |
| Nombre/término del tipo de medio |
sin mediación |
| Fuente |
rdamedia |
| 338 ## - TIPO DE SOPORTE |
| Nombre/término del tipo de soporte |
volumen |
| Fuente |
rdacarrier |
| 490 1# - MENCIÓN DE SERIE |
| Mención de serie |
Thompson&Thompson ; |
| Designación de volumen o secuencia |
13 |
| 500 0# - NOTA GENERAL |
| Nota general |
En solapa: "El médico de la prisión" es el tercero de los cuatro títulos que integran la colección "El mosaico de Europa: reinos desaparecidos" |
| 520 ## - RESUMEN, ETC. |
| Sumario, etc. |
Rudolf y Konrad son los huérfanos a que alude el otro título de esta novela: "Der Gefängnisarzt oder Die Vaterlosen" (El médico de la prisión o Los huérfanos), dos hermanos cuyas vidas vienen marcadas por el viaje al final de la noche de uno y la tormentosa odisea para rescatarlo del otro. Rudolf, un Goldmundo adicto a la cocaína y a las malas compañías, en fuga tras un tiroteo con la policía y principal sospechoso del asesinato de Jacob Zollikofer, antiguo industrial de guerra e importante comisionista del Estado. Y Konrad, un Narciso obligado a encarnar la figura del padre ausente, en dolorosa lucha consigo mismo y con sus seres queridos por encontrar un camino que, en palabras de Hermann Broch, lo lleve «desde lo intrincado e inexplicable hacia lo claro».<br/>Publicada en 1934, "El médico de la prisión" de Ernst Weiss (1882-1940) es tanto un informe sobre los bajos fondos del Berlín de la hiperinflación y el ocaso de Weimar (aunque hay quien piensa que pudiera ambientarse en Breslavia; el autor solo se refiere a la ciudad con la inicial B.), como una investigación criminal, un procedimiento legal, una crónica carcelaria, el expediente clínico de una desintoxicación, un drama familiar
pero, sobre todo, una visión personal, arrebatada y amarga de la juventud de su época, los verdaderos perdedores de la historia; una mirada que enfrenta a esas fuerzas siniestras que alentaron la ominosa llegada de Hitler al poder y que no cae en la ceguera histórica que lo hizo posible. O como acertadamente señaló alguno de sus críticos: una novela profundamente humanista,<br/>incompatible con los principios que el Tercer Reich consideró válidos para las obras literarias "no degeneradas". |
| 655 #7 - TERMINO DE INDIZACIÓN--GENERO/FORMA |
| Datos o término principal de género/forma |
Novelas históricas |
| Fuente del término |
tgfbne |
| 9 (RLIN) |
226782 |
| 700 1# - ENTRADA AGREGADA--NOMBRE PERSONAL |
| Nombre de persona |
Fortea, Carlos, |
| Fechas asociadas al nombre |
1963- |
| Término indicativo de función/relación |
Traductor |
| 9 (RLIN) |
51844 |
| 830 ## - PUNTO DE ACCESO ADICIONAL DE SERIE-TÍTULO UNIFORME |
| 9 (RLIN) |
234428 |
| Título uniforme |
Thompson&Thompson |
| 852 ## - LOCALIZACIÓN |
| Ubicación |
ES-MaACL |
| Sublocalización o colección |
R. 154701 |
| Ubicación en estantería |
Depósito J |
| Número de control de estantería |
N-9475 |
| itemnumber |
200736 |
| Donativo/Legado |
Donación: Carlos Fortea |
| Encuadernación |
Encuadernación rústica con solapas |
| 903 ## - NOMBRE PERSONAL DE DONANTE |
| a |
Fortea, Carlos, |
| d |
1963- |
| e |
Donante |
| 9 |
51844 |
| 942 ## - ELEMENTOS DE ENTRADA SECUNDARIOS (KOHA) |
| Suprimir en OPAC |
No |
| Tipo de ítem Koha |
Libro impreso |